Ingeniería didáctica en educación matemática. Un esquema para la investigación y la innovación en la enseñanza y el aprendizaje de las matemáticas
Guardat en:
| Autors principals: | , |
|---|---|
| Altres autors: | , |
| Format: | Llibre |
| Idioma: | espanyol |
| Publicat: |
Ciudad de México, México
Iberoamerica
1995
|
| Matèries: | |
| Accés en línia: | Disponible Online |
| Etiquetes: |
Afegir etiqueta
Sense etiquetes, Sigues el primer a etiquetar aquest registre!
|
MARC
| LEADER | 00000nam a2200000 a 4500 | ||
|---|---|---|---|
| 001 | UCQ3065 | ||
| 003 | CL-VaPUC | ||
| 005 | 20230718074430.0 | ||
| 008 | 980817e19950000MX |||||||||||||||||spa|d | ||
| 999 | |c 273714 |d 273712 | ||
| 040 | |c Pontificia Universidad Católica de Valparaíso | ||
| 082 | 0 | 4 | |a 515.3 ART 1995 |2 21 |
| 100 | |a Artigue, Michèle |e autora |9 881944 | ||
| 245 | 1 | 0 | |a Ingeniería didáctica en educación matemática. |b Un esquema para la investigación y la innovación en la enseñanza y el aprendizaje de las matemáticas |
| 260 | |a Ciudad de México, México |b Iberoamerica |c 1995 | ||
| 300 | |a 140 páginas | ||
| 583 | |a last modification |c 19980817 00:00:00 |k Rodrigo Vera | ||
| 650 | 0 | |a Matemática |x Estudio y enseñanza |9 260235 | |
| 700 | 0 | |a Douady, Régine |e author |9 417119 | |
| 700 | |a Moreno Mansilla, Luis |e autor |9 417120 | ||
| 700 | |a Gómez Guzmán, Pedro |e editor |9 868486 | ||
| 852 | |a BIBCUR | ||
| 856 | |u http://bibliografiadigital.pucv.cl.pucv.idm.oclc.org/index.php/bibliotecapucv/catalog/book/224 |y Disponible Online | ||
| 942 | |c BK |2 ddc | ||
| 945 | |d 19980817 00:00:00 |a mvenant | ||
| 952 | |0 0 |1 0 |4 0 |6 515_300000000000000_ART_1995 |7 0 |8 A |9 309548 |a BIBMAT |b BIBMAT |c E_DIDACT |d 2019-11-20 |i 345018K |l 3 |o 515.3 ART 1995 |p 345018K |r 2025-01-07 |s 2023-03-15 |w 2019-11-20 |y BK |k MAT | ||